| 000 | 00983nas a2200301 4500 | ||
|---|---|---|---|
| 001 | BR2012000661 | ||
| 003 | BR-BrBNA | ||
| 005 | 20231205120051.0 | ||
| 007 | ta | ||
| 008 | 230509b bl.|||p| |||| 00| 00por d | ||
| 040 |
_aBR-BrBNA _bpor _cBiblioteca Nacional de Agricultura |
||
| 041 | _a(Pt) | ||
| 072 | _aL01 | ||
| 100 | 1 | _aLima, K.A.O. | |
| 100 | 1 | _aCarneiro, M.I.F. | |
| 100 | 1 | _aMoura, D.J. | |
| 245 | 1 | _aA composição química da carne de coelhos submetidos a diferentes densidades populacionais | |
| 246 | 1 | _aChemical composition of the rabbits meat reared in different stocking density | |
| 650 | _aBEM-ESTAR | ||
| 650 | _aCOELHO NOVA ZELANDIA | ||
| 650 | _aCARNE | ||
| 650 | _aQUALIDADE | ||
| 650 | _aABATE | ||
| 650 | _aDINAMICA POPULACIONAL | ||
| 773 | 0 |
_tRevista Brasileira de Engenharia de Biossistemas (Brazil) _xISSN 1981-7061 _g(May-Aug 2007), v.1(2) p. 173-180 _wBR2012000661 |
|
| 909 |
_a202311 _bLúcia _c55 _dLúcia Elande |
||
| 942 |
_2AGRIS _n0 _cANA |
||
| 999 |
_c216917 _d216917 |
||